MARC details
| 000 -CABECERA |
| campo de control de longitud fija |
01165nam a2200301 i 4500 |
| 001 - NÚMERO DE CONTROL |
| campo de control |
000027952 |
| 003 - IDENTIFICADOR DEL NÚMERO DE CONTROL |
| campo de control |
DO-SdBNP |
| 005 - FECHA Y HORA DE LA ÚLTIMA TRANSACCIÓN |
| campo de control |
20250625114202.0 |
| 007 - CAMPO FIJO DE DESCRIPCIÓN FÍSICA--INFORMACIÓN GENERAL |
| campo de control de longitud fija |
ta |
| 008 - DATOS DE LONGITUD FIJA--INFORMACIÓN GENERAL |
| campo de control de longitud fija |
110406s2000 dr a 000 0 spa d |
| 020 ## - NÚMERO INTERNACIONAL ESTÁNDAR DEL LIBRO |
| Número Internacional Estándar del Libro |
8489953260 |
| 040 ## - FUENTE DE LA CATALOGACIÓN |
| Centro catalogador/agencia de origen |
DO-SdBNP |
| Lengua de catalogación |
spa |
| Centro/agencia transcriptor |
BNPHU |
| Normas de descripción |
rda |
| 049 ## - FONDOS LOCALES (OCLC) |
| Fondos de biblioteca |
BNPD |
| 082 #4 - NÚMERO DE LA CLASIFICACIÓN DECIMAL DEWEY |
| Número de documento/Ítem |
P933 |
| Número de edición |
22 |
| 111 2# - ENTRADA PRINCIPAL--NOMBRE DE CONGRESO/REUNIÓN |
| Nombre de congreso/reunión o jurisdicción como elemento de entrada |
Simposio regional incidencias de la cultura precolombina en el arte caribeño contemporáneo |
| Número del congreso/reunión o número de parte o sección |
(1 : |
| Fecha del congreso/reunión |
1998 enero 15-17 |
| Sede del congreso/Lugar de la reunión |
Santo Domingo ) |
| 9 (RLIN) |
55019 |
| 245 10 - MENCIÓN DE TÍTULO |
| Título |
Presencia de la cultura precolombina en el arte caribeño contemporáneo / |
| Mención de responsabilidad, etc. |
editora, Mildred Canahuate. |
| 264 ## - PRODUCCIÓN, PUBLICACIÓN, DISTRIBUCIÓN, FABRICACIÓN Y COPYRIGHT |
| Producción, publicación, distribución, fabricación y copyright |
Santo Domingo : |
| Nombre del de productor, editor, distribuidor, fabricante |
Banco Central de la República Dominicana, |
| Fecha de producción, publicación, distribución, fabricación o copyright |
2000. |
| 300 ## - DESCRIPCIÓN FÍSICA |
| Extensión |
78 páginas : |
| Otras características físicas |
ilustraciones ; |
| Dimensiones |
28 cm. |
| 336 ## - TIPO DE CONTENIDO |
| Fuente |
rdacontent |
| Término de tipo de contenido |
texto |
| Código de tipo de contenido |
txt |
| 337 ## - TIPO DE MEDIO |
| Fuente |
rdamedia |
| Nombre/término del tipo de medio |
sin mediación |
| Código del tipo de medio |
n |
| 338 ## - TIPO DE SOPORTE |
| Fuente |
rdacarrier |
| Nombre/término del tipo de soporte |
volumen |
| Código del tipo de soporte |
nc |
| 490 1# - MENCIÓN DE SERIE |
| Mención de serie |
Banco Central de la República Dominicana |
| 490 1# - MENCIÓN DE SERIE |
| Mención de serie |
Arawak de investigaciones antropológicas |
| Designación de volumen o secuencia |
1 |
| 500 ## - NOTA GENERAL |
| Nota general |
Incluye referencias bibliográficas y notas al pie de las páginas |
| 590 ## - NOTA LOCAL (RLIN) |
| Nota local |
Inventariado, 2019/BT |
| 700 1# - PUNTO DE ACCESO ADICIONAL--NOMBRE DE PERSONA |
| Nombre de persona |
Canahuate, Mildred, |
| Término indicativo de función/relación |
editor |
| 9 (RLIN) |
55020 |
| 942 ## - ELEMENTOS DE PUNTO DE ACCESO ADICIONAL (KOHA) |
| Fuente del sistema de clasificación o colocación |
Dewey Decimal Classification |
| Tipo de ítem Koha |
Libro |